Welcome to the Holygrace Academy Library

Please use search bar below to get started

LITTLE RED RIDING HOOD (Record no. 9157)

MARC details
000 -LEADER
fixed length control field 00321nam a22001337a 4500
082 ## - DEWEY DECIMAL CLASSIFICATION NUMBER
Classification number 823
Item number JAI/L
100 ## - MAIN ENTRY--AUTHOR NAME
Personal name JAIN, KULDEEP
245 ## - TITLE STATEMENT
Title LITTLE RED RIDING HOOD
246 ## - VARYING FORM OF TITLE
Title proper/short title LITTLE RED RIDING HOOD
Remainder of title LITTLE RED RIDING HOOD
260 ## - PUBLICATION, DISTRIBUTION, ETC. (IMPRINT)
Place of publication NEW DELHI
Name of publisher PEGASUS
Year of publication 2025
300 ## - PHYSICAL DESCRIPTION
Number of Pages 16
650 ## - SUBJECT ADDED ENTRY--TOPICAL TERM
Topical Term ENGLISH STORY
942 ## - ADDED ENTRY ELEMENTS (KOHA)
Koha item type Books
Holdings
Withdrawn status Lost status Collection code Home library Current library Date acquired Source of acquisition Full call number Accession Number Koha item type
    ENGLISH FICTION Main Library Main Library 28/01/2026 CONTRIBUTION 823 JAI/L 13869 Books